| 000 | 00678nam a22002537a 4500 | ||
|---|---|---|---|
| 003 | OSt | ||
| 005 | 20250918085506.0 | ||
| 008 | 250918t2025 ag a||||r|||| 000 1bspa d | ||
| 020 | _a978-631-00-5930-3 | ||
| 040 | _cBesoc | ||
| 080 | _0929Carnevale | ||
| 100 | 1 |
_aCiuni, Nadia. _eautor |
|
| 245 | 1 | 0 |
_aGraciela Carnevale / _cNadia Ciuni. |
| 250 | _a1a ed. | ||
| 260 |
_aRosario : _bNadia Ciuni, _c2025. |
||
| 300 |
_a28 p. : _bil. ; _c21 cm. |
||
| 490 | 0 |
_aUna vez, una artista _v4 |
|
| 500 | _aIncluye actividades | ||
| 600 | 4 |
_aCarnevale, Graciela, _d1942- _tTucumán Arde |
|
| 650 | 4 |
_aArte _zargentino |
|
| 650 | 4 | _aMujeres | |
| 655 | 4 | _aBiografía | |
| 942 |
_2udc _cLPD _n0 |
||
| 999 |
_c588 _d588 |
||